Catalog

Record Details

Catalog Search



Trouble in Paradise : Jesse Stone  Cover Image Book Book

Trouble in Paradise : Jesse Stone / Robert B. Parker.

Summary:

Let's look at Jesse Stone in number two, 'Trouble in Paradise.' Stiles Island is a wealthy and exclusive enclave separated by a bridge from the Massachusetts coastal town of Paradise. James Macklin sees Stiles as the ultimate investment; all he needs to do is invade the island, blow up the bridge, and loot the place. Macklin, along with his devoted girlfriend, Faye, assembles a crew of fellow ex-cons--all experts in their fields--including Wilson Cromartie, a fearsome Apache. If Macklin is a very bad man, Crow is even worse. As Macklin prepares, Paradise Police Chief Stone has his hands full. He faces romantic entanglements in triplicate: his ex-wife, Jenn, is in his jail for assault; he's begun a new relationship with a Stiles Island realtor named Marcy Campbell; and he's still sorting out his feelings for attorney Abby Taylor. With Macklin's attack on Stiles Island, both Marcy and Abby are in jeopardy. As the casualties mount, it's up to Jesse to keep Paradise, and both women, from harm.

Record details

  • ISBN: 0399144331
  • ISBN: 9780399144332
  • ISBN: 0515126497
  • ISBN: 9780515126495
  • ISBN: 9780425221105
  • ISBN: 0425221105
  • Physical Description: 324 pages ; 24 cm.
  • Publisher: New York : G.P. Putnam, 1998.
Subject: Stone, Jesse (Fictitious character) > Fiction.
Police chiefs > Massachusetts > Fiction.
Massachusetts > Fiction.
Genre: Thriller
Detective and mystery fiction.

Available copies

  • 2 of 2 copies available at scottsboropl.

Holds

  • 0 current holds with 2 total copies.
Show Only Available Copies
Location Call Number / Copy Notes Barcode Shelving Location Status Due Date
scottsboropl F Par 32269000563000 Adult - Fiction Available -
scottsboropl F Par 32269001146888 Storage - Adult Available -

LDR 00914cam a2200241 a 4500
001121546
003SBPL
00520140703074751.0
008980413s1998 nyu 000 1 eng
010 . ‡a 98007354
020 . ‡a0399144331 ‡q(alk. paper)
020 . ‡a9780399144332 ‡q(alk. paper)
020 . ‡a0515126497
020 . ‡a9780515126495
020 . ‡a9780425221105
020 . ‡a0425221105
035 . ‡a(CONS)121546
035 . ‡a(CPomAG)LMN448162
05000. ‡aPS3566.A686 ‡bT76 1998
08200. ‡a813/.54 ‡221
1001 . ‡aParker, Robert B., ‡d1932-2010.
24510. ‡aTrouble in Paradise : ‡bJesse Stone / ‡cRobert B. Parker.
260 . ‡aNew York : ‡bG.P. Putnam, ‡c1998.
300 . ‡a324 pages ; ‡c24 cm.
336 . ‡atext ‡btxt ‡2rdacontent
337 . ‡aunmediated ‡bn ‡2rdamedia
338 . ‡avolume ‡bnc ‡2rdacarrier
4901 . ‡aJesse Stone. ; ‡vBk 2
520 . ‡aLet's look at Jesse Stone in number two, 'Trouble in Paradise.' Stiles Island is a wealthy and exclusive enclave separated by a bridge from the Massachusetts coastal town of Paradise. James Macklin sees Stiles as the ultimate investment; all he needs to do is invade the island, blow up the bridge, and loot the place. Macklin, along with his devoted girlfriend, Faye, assembles a crew of fellow ex-cons--all experts in their fields--including Wilson Cromartie, a fearsome Apache. If Macklin is a very bad man, Crow is even worse. As Macklin prepares, Paradise Police Chief Stone has his hands full. He faces romantic entanglements in triplicate: his ex-wife, Jenn, is in his jail for assault; he's begun a new relationship with a Stiles Island realtor named Marcy Campbell; and he's still sorting out his feelings for attorney Abby Taylor. With Macklin's attack on Stiles Island, both Marcy and Abby are in jeopardy. As the casualties mount, it's up to Jesse to keep Paradise, and both women, from harm.
60010. ‡aStone, Jesse ‡c(Fictitious character) ‡vFiction.
650 0. ‡aPolice chiefs ‡zMassachusetts ‡vFiction.
651 1. ‡aMassachusetts ‡vFiction.
6550 . ‡aThriller
655 7. ‡aDetective and mystery fiction. ‡2lcgft
8001 . ‡aParker, Robert B., ‡d1932-2010. ‡tJesse Stone novels ; ‡vBk 2.
901 . ‡a121546 ‡bUnknown ‡c121546 ‡tbiblio

Additional Resources